Central Library OPAC University of Rajshahi

লোকসংস্কৃতির অঙ্গনে কুষ্টিয়া / (Record no. 47456)

MARC details
000 -LEADER
fixed length control field 01347nam a2200277 a 4500
001 - CONTROL NUMBER
control field 47456
003 - CONTROL NUMBER IDENTIFIER
rucl marc code BD-RjUL
005 - DATE AND TIME OF LATEST TRANSACTION
control field 20211209054322.0
008 - FIXED-LENGTH DATA ELEMENTS--GENERAL INFORMATION
fixed length control field 160 s2013 bg b 000 0 beno
020 ## - INTERNATIONAL STANDARD BOOK NUMBER
International Standard Book Number 9847033600507
035 ## - SYSTEM CONTROL NUMBER
System control number (BD-RjUL)47575
040 ## - CATALOGING SOURCE
Original cataloging agency DLC
Language of cataloging ben
Description conventions rda
Transcribing agency DLC
Modifying agency BD-RjUL
041 ## - LANGUAGE CODE
Language code of text/sound track or separate title ben
082 ## - DEWEY DECIMAL CLASSIFICATION NUMBER
Edition number 23
Classification number 398.02095492
Author mark and year LOK 2013
245 00 - TITLE STATEMENT
Title লোকসংস্কৃতির অঙ্গনে কুষ্টিয়া /
Statement of responsibility, etc. মো. জাহাঙ্গীর হোসেন (সম্পাদক)
260 ## - PUBLICATION, DISTRIBUTION, ETC. (IMPRINT)
Place of publication, distribution, etc. ঢাকা :
Name of publisher, distributor, etc. কথামেলা প্রকাশন,
Date of publication, distribution, etc. ২০১৩
300 ## - PHYSICAL DESCRIPTION
Pagination ১৯২ পৃ. ;
Size ২২ সেমি.
650 #0 - SUBJECT ADDED ENTRY--TOPICAL TERM
Topical term or geographic name as entry element সামাজিক জীবন ও রীতিনীতি
Geographic subdivision কুষ্টিয়া জেলা (বাংলাদেশ)
9 (RLIN) 144317
Topical term or geographic name as entry element লোকসংস্কৃতি
Geographic subdivision কুষ্টিয়া জেলা (বাংলাদেশ)
9 (RLIN) 144318
Topical term or geographic name as entry element Social life and customs.
Geographic subdivision Kushtia District (Bangladesh)
9 (RLIN) 144319
Topical term or geographic name as entry element Folklore
Geographic subdivision Bangladesh
-- Kushtia District.
9 (RLIN) 144320
651 #0 - SUBJECT ADDED ENTRY--GEOGRAPHIC NAME
Geographic name Kushtia District (Bangladesh)
General subdivision Social life and customs.
9 (RLIN) 144321
700 ## - ADDED ENTRY--PERSONAL NAME
Personal name হোসেন, মো. জাহাঙ্গীর (সম্পাদক)
942 ## - ADDED ENTRY ELEMENTS (KOHA)
Source of classification or shelving scheme Dewey Decimal Classification
Koha item type Books
Holdings
Lost status Source of classification or shelving scheme Damaged status Not for loan Collection code Permanent Location Current Location Shelving location Date acquired Source of acquisition Cost, normal purchase price Total Checkouts Full call number Date last seen Copy number Koha item type
  Dewey Decimal Classification     Non-fiction Central Library, University of Rajshahi Central Library, University of Rajshahi   23/12/1012 Editor 250.00   B 398.2095492 LOK 2013 08/08/2016 C-2 Books
  Dewey Decimal Classification     Non-fiction Central Library, University of Rajshahi Central Library, University of Rajshahi   23/12/1012 Editor 250.00   B 398.2095492 LOK 2013 08/08/2016 C-3 Books
  Dewey Decimal Classification     Non-fiction Central Library, University of Rajshahi Central Library, University of Rajshahi   23/12/1012 Editor 250.00   B 398.2095492 LOK 2013 08/08/2016 C-4 Books
  Dewey Decimal Classification     Non-fiction Central Library, University of Rajshahi Central Library, University of Rajshahi   12/12/2012 Choyonika gronthosomver 250.00   B 398.2095492 LOK 2013 17/11/2016 C-5 Books
  Dewey Decimal Classification   Not For Loan Non-fiction Central Library, University of Rajshahi Central Library, University of Rajshahi Reading Room 23/12/2012 Sompadok, Rajshahi 250.00   B 398.2095492 LOK 2013 22/12/2016 C-1 Books